Normal view
MARC view
- Ghaffar, Wajeeha
Entry Personal Name
001 - CONTROL NUMBER
- control field: 124487
003 - CONTROL NUMBER IDENTIFIER
- control field: NUST
005 - DATE AND TIME OF LATEST TRANSACTION
- control field: 20240712113040.0
008 - FIXED-LENGTH DATA ELEMENTS
- fixed length control field: 240712|| aca||aabn | a|a d
040 ## - CATALOGING SOURCE
- Original cataloging agency: NUST
- Transcribing agency: NUST
100 ## - HEADING--PERSONAL NAME
- Personal name: Ghaffar, Wajeeha
670 ## - SOURCE DATA FOUND
- Source citation: Work cat.: (NUST): Ghaffar, Wajeeha, Nature’s Influence: Investigating the Relationship between Nature Exposure and Pro-Environmental Behaviors in Islamabad, Pakistan/
